5 Erfolgreichste Länder pro Sportart - Statistiken

Allgemein
  • Dieses Quiz wurde 143 mal gespielt
  • Das Durchschnittsergebnis liegt bei 13 aus 30
Antwortstatistiken
1. 2. 3. Land % Korrekt
5 2 2 Brasilien
98%
4 4 4 Deutschland
97%
4 2 1 Italien
90%
3 3 0 Argentinien
81%
2 2 2 Frankreich
78%
5 3 4 Vereinigte Staaten
71%
28 16 9 Kanada
68%
6 2 5 Frankreich
59%
4 3 1 Dänemark
54%
3 4 3 Deutschland
54%
27 10 10 Russland
54%
4 4 4 Schweden
44%
2 2 1 Australien
42%
3 2 3 Neuseeland
41%
4 9 3 Finnland
40%
11 19 19 Schweden
40%
4 0 2 Südafrika
31%
13 13 22 Tschechien
30%
1 3 1 England
29%
0 3 1 Frankreich
27%
3 3 2 Sowjetunion
26%
2 0 0 Spanien
25%
6 3 3 Russland
22%
3 3 1 Brasilien
18%
5 1 0 Italien
18%
3 2 1 Polen
15%
5 3 2 Jugoslawien
14%
2 2 2 Brasilien
11%
4 0 2 Rumänien
8%
2 4 0 Tschechien
6%
Keine übereinstimmenden Quizze gefunden
Verteilung der Resultate
Anzahl Personen mit jedem Resultat
Perzentil nach korrekt beantworteten Fragen
Ihre Resultats-Entwicklung
Sie haben dieses Quiz noch nicht gespielt